Always ready : (Record no. 9878)
[ view plain ]
| 000 -LEADER | |
|---|---|
| fixed length control field | 00947nam a2200289Ia 4500 |
| 001 - CONTROL NUMBER | |
| control field | 36156631 |
| 003 - CONTROL NUMBER IDENTIFIER | |
| control field | OCoLC |
| 005 - DATE AND TIME OF LATEST TRANSACTION | |
| control field | 20241126110720.0 |
| 008 - FIXED-LENGTH DATA ELEMENTS--GENERAL INFORMATION | |
| fixed length control field | 970103s1996 gau b 001 0 eng d |
| 020 ## - INTERNATIONAL STANDARD BOOK NUMBER | |
| International Standard Book Number | 0915815273 |
| 020 ## - INTERNATIONAL STANDARD BOOK NUMBER | |
| International Standard Book Number | 0915815281 (pbk.) |
| 040 ## - CATALOGING SOURCE | |
| Original cataloging agency | AKK |
| Transcribing agency | AKK |
| Modifying agency | ASC |
| 050 #4 - | |
| -- | BT1102 |
| -- | .B222 1996 |
| 050 #4 - | |
| -- | BT1102 |
| -- | .B222 1996 |
| 082 ## - DEWEY DECIMAL CLASSIFICATION NUMBER | |
| Classification number | 239 |
| Item number | BAH |
| 090 ## - LOCALLY ASSIGNED LC-TYPE CALL NUMBER (OCLC); LOCAL CALL NUMBER (RLIN) | |
| Classification number (OCLC) (R) ; Classification number, CALL (RLIN) (NR) | BT1102 |
| Local cutter number (OCLC) ; Book number/undivided call number, CALL (RLIN) | .B222 1996 |
| 090 ## - LOCALLY ASSIGNED LC-TYPE CALL NUMBER (OCLC); LOCAL CALL NUMBER (RLIN) | |
| Classification number (OCLC) (R) ; Classification number, CALL (RLIN) (NR) | BT1102 |
| Local cutter number (OCLC) ; Book number/undivided call number, CALL (RLIN) | .B222 1996 |
| 100 1# - MAIN ENTRY--PERSONAL NAME | |
| Personal name | Bahnsen, Greg L. |
| 9 (RLIN) | 17087 |
| 245 10 - TITLE STATEMENT | |
| Title | Always ready : |
| Remainder of title | directions for defending the faith / |
| Statement of responsibility, etc. | Greg L. Bahnsen ; edited by Robert R. Booth. |
| 260 ## - PUBLICATION, DISTRIBUTION, ETC. | |
| Place of publication, distribution, etc. | Atlanta, GA : |
| Name of publisher, distributor, etc. | American Vision ; |
| Place of publication, distribution, etc. | Texarkana, AR : |
| Name of publisher, distributor, etc. | Covenant Media Foundation, |
| Date of publication, distribution, etc. | c1996. |
| 300 ## - PHYSICAL DESCRIPTION | |
| Extent | x, 289 p. ; |
| Dimensions | 23 cm. |
| 504 ## - BIBLIOGRAPHY, ETC. NOTE | |
| Bibliography, etc. note | Includes bibliographical references and indexes. |
| 650 #0 - SUBJECT ADDED ENTRY--TOPICAL TERM | |
| Topical term or geographic name entry element | Apologetics. |
| 9 (RLIN) | 85 |
| 650 #0 - SUBJECT ADDED ENTRY--TOPICAL TERM | |
| Topical term or geographic name entry element | Reformed Church |
| General subdivision | Doctrines. |
| 9 (RLIN) | 618 |
| 700 1# - ADDED ENTRY--PERSONAL NAME | |
| Personal name | Booth, Robert R., |
| Dates associated with a name | 1955- |
| 9 (RLIN) | 17182 |
| 942 ## - ADDED ENTRY ELEMENTS (KOHA) | |
| Source of classification or shelving scheme | Dewey Decimal Classification |
| Koha item type | Books |
| Koha issues (borrowed), all copies | 1 |
| Withdrawn status | Lost status | Source of classification or shelving scheme | Damaged status | Not for loan | Home library | Current Library | Shelving location | Date acquired | Total checkouts | Full call number | Barcode | Date last seen | Date last checked out | Copy number | Price effective from | Koha item type |
|---|---|---|---|---|---|---|---|---|---|---|---|---|---|---|---|---|
| Dewey Decimal Classification | GRACE BIBLE COLLEGE | GRACE BIBLE COLLEGE | Theology | 2023-08-14 | 1 | 239 BAH | 016258 | 2025-05-01 | 2023-10-14 | c.1 | 2023-08-14 | Books |